| 000 | 00347nam a2200133Ia 4500 | ||
|---|---|---|---|
| 008 | 240624s9999 xx 000 0 und d | ||
| 041 | _aeng | ||
| 082 | _a332.1 KID | ||
| 100 | _aKIDWAI NAINA LAL | ||
| 245 | _aCONTEMPORARY BANKING IN INDIA | ||
| 260 |
_c2012 _aNew Delhi _bBusinessworld |
||
| 300 | _axxiv, : 320 : p. : cm. ; 22 | ||
| 365 |
_cRS _b35 |
||
| 999 |
_c21459 _d21459 |
||